| 000 | 00352nam a2200121Ia 4500 | ||
|---|---|---|---|
| 008 | 210430s9999 xx 000 0 und d | ||
| 082 | _a150.922 Z 967 N | ||
| 100 | _aLeonard Zusne | ||
| 245 |
_aNames In The History of Psychology a biographical sourcebook / _cLeonard Zusne |
||
| 260 |
_aIslamabad _bLeonard _c1975 |
||
| 300 | _a489p | ||
| 942 |
_cBK _2ddc |
||
| 999 |
_c563272 _d563272 |
||